LEADER 00977cam0-2200337---450- 001 990004996900403321 005 20130909162634.0 035 $a000499690 035 $aFED01000499690 035 $a(Aleph)000499690FED01 035 $a000499690 100 $a19990604d1916----km-y0itay50------ba 101 0 $aita 102 $aIT 105 $a-f------001yy 200 1 $aIbsen$fScipio Slataper$gcon un cenno di Scipio Slataper di Arturo Farinelli 210 $aTorino$cFratelli Bocca$d1916 215 $aXXIII, 331 p., [1] tav.$d21 cm 225 1 $aLetterature moderne$v5 610 0 $aIbsen, Henrik 676 $a839.8226 700 1$aSlataper,$bScipio$f<1888-1915>$0158726 702 1$aFarinelli,$bArturo 801 0$aIT$bUNINA$gRICA$2UNIMARC 901 $aBK 912 $a990004996900403321 952 $a839.8226 IBSEN/S 2$bIst.f.m.2463$fFLFBC 952 $a839.8226 IBSEN/S 2BIS$bBibl.5888$fFLFBC 959 $aFLFBC 996 $aIbsen$988820 997 $aUNINA LEADER 00842nam0-22003011i-450- 001 990003026150403321 010 $a0-521-39488-0 035 $a000302615 035 $aFED01000302615 035 $a(Aleph)000302615FED01 035 $a000302615 100 $a20000920d1992----km-y0itay50------ba 101 0 $aita 102 $aIT 200 1 $aChaotic Dynamics$eTheory and Applications to Economics$fAlfredo Medio. DMC Software$fby Giampaolo Gallo. 210 $aCambridge$cCambridge University Press$d1992. 215 $aXV, 344 p.$d23 cm 676 $aB/3.0 702 1$aGallo,$bGiampaolo 702 1$aMedio,$bAlfredo 801 0$aIT$bUNINA$gRICA$2UNIMARC 901 $aBK 912 $a990003026150403321 952 $aB/3.0 MED$b12063$fSES 959 $aSES 996 $aChaotic Dynamics$9463860 997 $aUNINA DB $aING01 LEADER 01010nam0 22002771i 450 001 VAN0019768 005 20040713120000.0 010 $a88-7011-443-0 100 $a20040713d1991 |0itac50 ba 101 $aita 102 $aIT 105 $a|||| ||||| 200 1 $aˆIl ‰linguaggio delle variabili$estrumenti per la ricerca sociale$fa cura di Mario Cardano, Renato Miceli 210 $aTorino$cRosenberg & Sellier$d1991 215 $a346 p.$d21 cm. 620 $dTorino$3VANL000001 676 $a300.7$v21 702 1$aCardano$bMario$3VANV015954 702 1$aMiceli$bRenato$3VANV015955 712 $aRosenberg & Sellier$3VANV108157$4650 801 $aIT$bSOL$c20230616$gRICA 899 $aBIBLIOTECA DEL DIPARTIMENTO DI PSICOLOGIA$1IT-CE0119$2VAN16 912 $aVAN0019768 950 $aBIBLIOTECA DEL DIPARTIMENTO DI PSICOLOGIA$d16CONS 1601 $e16VS 1375 20040713 996 $aLinguaggio delle variabili$9506344 997 $aUNICAMPANIA LEADER 02357nam0 22004693i 450 001 VAN0274583 005 20240516111008.625 017 70$2N$a9783030694852 100 $a20240409d2021 |0itac50 ba 101 $aeng 102 $aCH 105 $a|||| ||||| 200 1 $aAsymptotic Properties of Permanental Sequences$eRelated to Birth and Death Processes and Autoregressive Gaussian Sequences$fMichael B. Marcus, Jay Rosen 210 $aCham$cSpringer$d2021 215 $axi, 114 p.$cill.$d24 cm 410 1$1001VAN0114060$12001 $aSpringerBriefs in probability and mathematical statistics$1210 $aBelrin [etc.]$cSpringer 606 $a60G15$xGaussian processes [MSC 2020]$3VANC020010$2MF 606 $a60J10$xMarkov chains (discrete-time Markov processes on discrete state spaces) [MSC 2020]$3VANC020036$2MF 606 $a60-XX$xProbability theory and stochastic processes [MSC 2020]$3VANC020428$2MF 606 $a60G17$xSample path properties [MSC 2020]$3VANC021483$2MF 606 $a60J27$xContinuous-time Markov processes on discrete state spaces [MSC 2020]$3VANC021553$2MF 606 $a60E07$xInfinitely divisible distributions; stable distributions [MSC 2020]$3VANC024653$2MF 610 $aAsymptotic limits of stochastic processes$9KW:K 610 $aAutoregressive Gaussian sequences$9KW:K 610 $aBirth and death processes$9KW:K 610 $aInfinitely divisible processes$9KW:K 610 $aProperties of permanental sequences$9KW:K 610 $aQ-matrices$9KW:K 610 $aTime-varying processes$9KW:K 610 $aUniform Markov chains$9KW:K 620 $aCH$dCham$3VANL001889 700 1$aMarcus$bMichael B.$3VANV051786$049046 701 1$aRosen$bJay$3VANV051787$0725076 712 $aSpringer $3VANV108073$4650 801 $aIT$bSOL$c20240614$gRICA 856 4 $uhttps://doi.org/10.1007/978-3-030-69485-2$zE-book ? Accesso al full-text attraverso riconoscimento IP di Ateneo, proxy e/o Shibboleth 899 $aBIBLIOTECA DEL DIPARTIMENTO DI MATEMATICA E FISICA$1IT-CE0120$2VAN08 912 $fN 912 $aVAN0274583 950 $aBIBLIOTECA DEL DIPARTIMENTO DI MATEMATICA E FISICA$d08CONS e-book 8154 $e08eMF8154 20240412 996 $aAsymptotic Properties of Permanental Sequences$94148984 997 $aUNICAMPANIA